|
|
|
|
| LEADER |
01027nam a22002417a 4500 |
| 001 |
19151 |
| 003 |
BD-DhAAL |
| 005 |
20230712112354.0 |
| 008 |
230712t2003 ii ||||| |||| 00| 0dben d |
| 020 |
|
|
|a 8181750047
|
| 040 |
|
|
|a BD-DhAAL
|d BD-DhAAL
|
| 041 |
|
|
|a ben
|
| 082 |
|
|
|a 891.4413
|2 21
|
| 100 |
|
|
|a বন্দোপাধ্যায়, পার্থপ্রতিম.
|9 55047
|
| 245 |
|
|
|a রামপ্রসাদ /
|c পার্থপ্রতিম বন্দোপাধ্যায়.
|
| 260 |
|
|
|a কলকাতা :
|b প্যাপিরাস,
|c ২০০৩.
|
| 300 |
|
|
|a ৬৩ পৃষ্ঠা ;
|c ১৮ সে.মি.
|
| 541 |
|
|
|e 19151
|
| 600 |
|
|
|a Ramprasad Sen,
|d 1718-1775,
|x Criticism and interpretation.
|9 55048
|
| 852 |
|
|
|a Ayesha Abed Library
|c General Stacks
|
| 942 |
|
|
|2 ddc
|c BK
|
| 999 |
|
|
|c 45961
|d 45961
|
| 952 |
|
|
|0 0
|1 0
|2 ddc
|4 0
|6 891_441300000000000_BAN
|7 0
|9 73925
|a BIGD
|b BIGD
|c GEN
|d 2023-07-12
|g 30.00
|l 0
|o 891.4413 BAN
|p 3050019151
|r 2023-07-12
|t 1
|w 2023-07-12
|y BK
|x Transferred from BDI to BIGD.
|